000 00442nam a2200193Ia 4500
005 20240823033305.0
008 240823s9999||||xx |||||||||||||| ||und||
020 _a978-81-8322-295-2
041 _aENGLISH
082 _A824.8 Q2
100 _aBrain Tracy
245 0 _aMaximum Achievment
250 _a1st
260 _c2012
_bMangul Publishing
500 _aYES
650 _aTamil Books
_bGeneral
942 _cBK
999 _c195461
_d195461